000 01079nam a22002537a 4500
003 NALT
005 20251125232937.0
008 s2536 th tha d
020 _a9747014459
040 _aNALT
041 _atha
050 _aDS586 ป46ค 2536
245 1 0 _aคำให้การของ ดร.ป๋วย อึ๊งภากรณ์ กรณีเหตุการณ์ 6 ตุลาคม 2519 .
250 _aพิมพ์ครั้งที่ 4
260 3 _aกรุงเทพฯ
_c2536
300 _a114 หน้า :
_b ภาพประกอบ ;
_c 21 ซม.
650 0 4 _aไทย -- ประวัติศาสตร์ -- กรุงรัตนโกสินทร์ -- 6 ตุลาคม 2519
650 0 4 _aเหตุการณ์ 6 ตุลาคม 2519
650 0 4 _aป๋วย อึ๊งภากรณ์, 2459--
850 _aNALT
856 4 0 _uhttps://hdl.handle.net/20.500.14156/386582
942 _cGB
_2lcc
999 _c40673
_d40673
998 _j109
_k อารีรัตน์ วิชาช่าง